000 00684nam a22001937a 4500
999 _c525356
_d525356
003 NUST
005 20190701103423.0
008 190701b ||||| |||| 00| 0 eng d
038 _aMr. Zahoor
082 _a620.1
100 _aKhan, Latif Ullah
_916196
245 _aSynthesis Characterization of MFe2o4/MWCNTs Nanocomposites and Analysis of their Dielectric Properties for High Frequency Applications /
_cLatif Ullah Khan.
260 _aIslamabad :
_bSCME - NUST,
_c2018.
300 _axii, 76 p.: ill.;
_c30cm.
_e+CD.
500 _aHardcover.
650 _a Materials and Surface Engineering - MS Thesis
_916159
700 _aDr. Iftikhar Hussain Gul
_916197
942 _2ddc
_cTHE